Ang manlolokong palaka (Record no. 21984)

000 -LEADER
fixed length control field 00447nam a22001457a 4500
003 - CONTROL NUMBER IDENTIFIER
control field OSt
005 - DATE AND TIME OF LATEST TRANSACTION
control field 20260126163849.0
008 - FIXED-LENGTH DATA ELEMENTS--GENERAL INFORMATION
fixed length control field 260126b xxu|a||| |||| 00| 0 eng d
040 ## - CATALOGING SOURCE
Transcribing agency csu
100 ## - MAIN ENTRY--PERSONAL NAME
Personal name Lapuz, Rio
Relator term author.
245 ## - TITLE STATEMENT
Title Ang manlolokong palaka
260 ## - PUBLICATION, DISTRIBUTION, ETC. (IMPRINT)
Place of publication, distribution, etc [Place of publication not identified] :
Name of publisher, distributor, etc [name of publisher not identified],
Date of publication, distribution, etc [date of publication not identified].
300 ## - PHYSICAL DESCRIPTION
Extent 14 pages :
Other physical details illustrations.
942 ## - ADDED ENTRY ELEMENTS (KOHA)
Source of classification or shelving scheme
Koha item type Books
Holdings
Price effective from Permanent Location Date last seen Not for loan Date acquired Source of classification or shelving scheme Koha item type Lost status Withdrawn status Copy number Source of acquisition Collection code Damaged status Barcode Shelving location Current Location Full call number
2026-01-22Cagayan State University - Carig Library2026-01-26 2026-01-26 Books  1DonationsChildren Section C0001029Children SectionCagayan State University - Carig LibraryCS C1029 M279

Cagayan State University University Library, Carig Campus
Tuguegarao City, Cagayan 3500 | www.csucarig.edu.ph

Powered by Koha